Mort Subite - Kpop Membres d'NCT - Statistiques

Statistiques générales
  • Ce quiz a été pris 889 fois
  • Le résultat moyen est 15 sur 25
Answers on the Grid
Answers color-coded by a green-red scale on the quiz's grid according to % correct below.
Bobby
Kun
Dongeun
Taeyong
Jaehyun
Keeho
Xiumin
Xiaojun
Haechan
Hanbin
Jaemin
Sunghoon
Yangyang
Jisung
Sion
Jimin
Riku
Yushi
Han
Jaehee
Hendery
Hyunsuk
Ryo
Mark
Eric
Sakuya
Minhyuk
Ten
Sungwoo
Chenle
Renjun
Chanyeol
Yeosang
Junho
Jeno
Jungwoo
Winwin
Henry
Taeyang
Yuta
Taemin
Doyoung
Yoshi
Johnny
 
Statistiques - réponses
Réponse % Correct
Mark
73%
Ten
71%
Yuta
71%
Jaemin
68%
Jeno
68%
Winwin
68%
Chenle
67%
Jisung
67%
Johnny
67%
Renjun
67%
Doyoung
66%
Hendery
66%
Jaehyun
66%
Taeyong
66%
Haechan
65%
Jungwoo
65%
Yangyang
64%
Xiaojun
62%
Kun
60%
Riku
52%
Sakuya
50%
Sion
50%
Ryo
46%
Yushi
45%
Jaehee
35%
Aucun quiz correspondant
Distribution des résultats
% des personnes avec chaque résultat
Percentile par nombre de réponses
Votre historique - résultats
Vous n’avez pas pris ce quiz